000 00983nam a2200229 i 4500
001 183681
003 ES-MaACL
005 20250830221257.0
008 140923s1869 sp |||| | spa d
080 _a908(73)
080 _a94(73)"1865/98"
100 1 _aRodríguez Vaamonde, Florencio.
_998847
245 1 0 _aEstado político-económico y de la administración de justicia en los Estados Unidos de América :
_bapuntes sacados de varias revistas extranjeras acerca de esta materia por... Don Florencio Rodríguez Vaamonde...
260 _aMadrid :
_b[s.n.],
_c1869 (
_fImp. del Colegio Nacional de Sordo-Mudos y de Ciegos)
300 _a24 p. ;
_c26 cm.
530 _aDisponible en formato digital.
651 4 _aEstados Unidos-
_xDescripción
_98538
651 4 _aEstados Unidos-
_xHistoria-
_y1865-1898.
_9155574
852 4 _aES-MaACL
_jT-137-F-6
856 4 _uhttp://bdh-rd.bne.es/viewer.vm?id=0000137218&page=1
_zBiblioteca Digital Hispánica
999 _c183681
_d183681